00970nam a2200241Mi 450000500170000000800410001702000180005802000150007603500210009104000500011204100080016210000290017024501560019926000550035530000460041049000620045650400530051861000330057165000370060465000320064165000380067365000170071120150316065744.0150316s2015 enkab fr 001 0 eng d a9781783264858 a1783264853 a(OCoLC)903313889 aCO-BoUCMbspacJose A. GerenadJose A. Gerena0 aeng1 aKarnavian Tito, Muhammad00aExplaining Islamist insurgenciesbthe case of al-Jamaah al-Islamiyyah and the radicalisation of the Poso conflict, 2000 - 2007cMuhammad Tito Karnavian aLondres (Inglaterra)bImperial College pressc2015 axiii, 288 páginasbilustraciones, mapas1 aImperial College Press insurgency and terrorism seriesv3 aIncluye referencias bibliográficas e índices24aJamaah Islamiyah (Indonesia) 7aTerrorismo xAspectos religiosos 7aFundamentalismo islámico  7aRadicalismo xAspectos religiosos 7aInsurgencia